000 00379nam a22001577a 4500
005 20200601103159.0
008 200601b xxu||||| |||| 00| 0 eng d
041 _aeng
082 _a340
100 _aBARE ACT
_95744
245 _aTHE GUARDIAN AND WORDS ACT, (78-1956)
260 _aDELHI
_bPROFESSIONAL BOOK PUBLISHERS
300 _a20;p
650 _aLAW
_95701
942 _cBK
999 _c6751
_d6749